000 00422nam a22001697a 4500
003 SGT
020 _a9780702062247
082 _a615.8
_bC19H
100 _aHIGGS, JOY
245 _aCLINICAL REASONING IN THE HEALTH PROFESSIONS
250 _a4TH
260 _aEDINBURGH
_bELSEVIER PUB
_c2019
300 _a511
650 _aPHYSIOTHERAPY
653 _aCLINICAL REASONING IN THE HEALTH PROFESSIONS
942 _2ddc
_cBK
999 _c23449
_d23449